LDR 00852naa#a2200169#i#450# 001 RU\\bibl\122035 005 20260630113421.2 011 ## _a2687-0185 100 ## _a20260319b2026####ek#y0rusy0150####ca 102 ## _aRU 200 1# _aОтдельные вопросы криминологической типологизации лиц, совершающих преступления, связанные с диверсионной деятельностью _eЖурнальная статья 210 1# _aМосква _cМосковский университет МВД России имени В.Я. Кикотя _d2026 215 ## _a1803 с. 608 ## _aЖурнальная статья _2local 675 ## _aКриминология. Криминалистика. 343.9 _z 700 #1 _aЦветков _gАртем Альбертович 856 4# _amosumvd.editorum.ru _u